Państwa Azji według odległości od Mongolii - Statystyki

Ogólne statystyki
  • Ten quiz został rozwiązany 24 razy
    15 od ostatniego zresetowania
  • Średni wynik to 7 z 44
Statystyki odpowiedzi
Odległość od Mongolii Odpowiedź % Poprawnych
0 (S) Chiny
100%
0 (N) Rosja
100%
37 (W) Kazachstan
69%
900 (SW) Kirgistan
54%
950 (SE) Korea Północna
46%
1200 (SE) Korea Południowa
46%
1500 (SW) Tadzykistan
46%
1500 (SW) Pakistan
38%
1600 (SW) Afganistan
31%
1600 (S) Mjanma
31%
2000 (E/SE) Japonia
23%
2200 (S) Laos
23%
2100 (S) Wietnam
23%
1700 (SW) Bhutan
15%
1800 (SW) Nepal
15%
1900 (SW) Bangladesz
8%
3050 (SE) Filipiny
8%
2000 (SW) Indie
8%
4400 (S) Indonezja
8%
2700 (SW) Iran
8%
3000 (S) Kambodża
8%
4000 (S) Malezja
8%
4450 (S) Singapur
8%
2600 (S) Tajlandia
8%
2200 (SW) Turkmenistan
8%
1900 (SW) Uzbekistan
8%
3650 (SW) Armenia
0%
3300 (SW) Azerbejdżan
0%
4150 (SW) Bahrajn
0%
4200 (S) Brunei
0%
4610 (SW) Cypr
0%
3550 (SW) Gruzja
0%
3900 (SW) Irak
0%
4850 (SW) Izrael
0%
4600 (SW) Jemen
0%
4575 (SW) Jordania
0%
4100 (SW) Katar
0%
4000 (SW) Kuwejt
0%
4700 (SW) Liban
0%
3700 (SW) Oman
0%
4000 (SW) Syria
0%
2300 (S) Tajwan
0%
3800 (SW) Turcja
0%
3750 (SW) ZEA (Zjednoczone Emiraty Arabskie)
0%
Nie znaleziono quizów pasujących do podanych kryteriów
Rozkład punktacji
Procent ludzi z każdym wynikiem
Percentyl według liczby udzielonych odpowiedzi
Twoja historia wyników
Nie rozwiązałeś tego quizu od ostatniego zresetowania